000 00229nam a2200097 a 4500
005 20200930030440.0
008 110325s1950 000 spa d
245 0 _aArchivo del General Miranda.
260 _c1950.
999 _c26340
_d26340
040 _aDO-SdBNP